000 00324nam a22001217a 4500
020 _a9789350142851
082 _222
_a620.002
100 _aRajput, R.K.
245 _aMaechnical measurements and instrumentationl /
260 _aNA
_bS.K Kataria and Sons,
_cc2012.
300 _axv, 846 p. ;
_bill. ;
_c24 cm.
942 _2ddc
_cECE
999 _c3045
_d3045